Siete papas : experiencia personal y balance de la época /

Biografías de los siete pontífices de la Iglesia Católica del Papa Pío XII, Juan XXIII, Paulo VI, Juan Pablo I, Juan Pablo II, Benedicto XVI y hasta el Papa Francisco, personas a las cuales Hans Küng, teólogo y autor de esta obra, ha conocido y tratado de manera personal y más o menos cercana. Ademá...

Descrición completa

Gardado en:
Detalles Bibliográficos
Autor Principal: Küng, Hans (autor)
Formato: Libro
Idioma:Lingua castelá
Publicado: Madrid, España : Trotta, 2017, c2017
Temas:
Etiquetas: Engadir etiqueta
Sen Etiquetas, Sexa o primeiro en etiquetar este rexistro!

MARC

LEADER 00000nam^a2200000^a^4500
001 000403275
005 20250521000000.0
009 20260310121734.284
020 |a 978-84-9879-691-9 
037 |a Acervo ITESO - Biblioteca 
041 |a ESP 
082 |a 282. 1  |b KUN 
100 |a Küng, Hans  |e (autor) 
245 1 0 |a Siete papas :  |b experiencia personal y balance de la época /  |c H. Küng ; tr. por José Manuel Lozano Gotor, Daniel Romero Alvarez. 
264 4 |a Madrid, España :  |b Trotta,  |c 2017, c2017 
300 |a 303 p. 
336 |a texto  |b txt  |2 rdacontenido 
337 |a sin mediación  |b n  |2 rdamedio 
338 |a volumen  |b nc  |2 rdasoporte 
520 |a Biografías de los siete pontífices de la Iglesia Católica del Papa Pío XII, Juan XXIII, Paulo VI, Juan Pablo I, Juan Pablo II, Benedicto XVI y hasta el Papa Francisco, personas a las cuales Hans Küng, teólogo y autor de esta obra, ha conocido y tratado de manera personal y más o menos cercana. Además de presentar datos de la vida de estos siete pastores, hace una valoración crítica de sus respectivos pontificados. 
649 |a XX 
650 |a Papas -  |x Biografías -  |x Tema Principal 
650 |a Papas -  |x Historia -  |y Siglo XX 
650 |a Papas -  |x Historia -  |y Siglo XXI 
650 |a Iglesia Católica 
650 |a Catolicismo 
650 |a Cristianismo 
650 |a Religión 
910 |a Fondo General 
920 |a Impresos - Libros 
930 |a Colección General 
905 |a 101 
901 |a 0500298567  |b IT1  |c ACC  |i C159512  |u 20250521 
902 |a https://opac.biblio.iteso.mx/vufind/Record/000403275